[Event "German Bundesliga 2023-24"]
[Site "Germany"]
[Date "2024.04.27"]
[Round "14.8"]
[White "Farokhi, Keyvan"]
[Black "Kruckenhauser, Arthur"]
[Result "1/2-1/2"]
[WhiteElo "2284"]
[BlackElo "2313"]
[Annotator "RC"]
[PlyCount "95"]
[EventDate "2023.10.20"]
[EventType "team-tourn"]
[EventCountry "GER"]
[SourceTitle "playchess.com"]
[Source "ChessBase"]
[SourceQuality "1"]

1. d4 Nf6 2. c4 e6 3. Nf3 b6 4. a3 Bb7 5. Nc3 Ne4 6. Nxe4 Bxe4 7. Bf4 d6 8. e3 Nd7 9. Bd3 Bxd3 10. Qxd3 Be7 11. e4 O-O 12. O-O Re8 13. Rfd1 Qc8 14. b4 a5 15. b5 Qb7 16. a4 Rad8 17. Qc2 h6 18. Bc1 Bf8 19. Bb2 g6 20. Re1 Bg7 21. h4 h5 22. Rad1 e5 23. d5 Qc8 24. Bc1 Rf8 25. g3 Rde8 26. Kg2 Nc5 27. Be3 Nb7 28. Ng5 Nd8 29. Rf1 Qd7 30. Rde1 f6 31. Nh3 f5 32. exf5 Qxf5 33. Qxf5 gxf5 34. f4 e4 35. Ng5 Bf6 36. Rd1 Kg7 37. Kf2 Kg6 38. Bd4 Bxd4+ 39. Rxd4 Nb7 40. Ke3 Nc5 41. Ra1 Nb3 42. Rdd1 Nxa1 43. Rxa1 Rh8 44. Rg1 Kf6 45. Rh1 Re7 46. Rh2 Rg7 47. Rh1 Re7 48. Rh2 1/2-1/2

[Event "German Bundesliga 2023-24"]
[Site "Germany"]
[Date "2024.04.27"]
[Round "14.8"]
[White "Hoerstmann, Rudi"]
[Black "Tica, Sven"]
[Result "1-0"]
[WhiteElo "2249"]
[BlackElo "2444"]
[Annotator "ChessBase"]
[PlyCount "57"]
[EventDate "2023.10.20"]
[EventType "team-tourn"]
[EventCountry "GER"]
[SourceTitle "playchess.com"]
[Source "ChessBase"]
[SourceQuality "1"]

1. Nf3 d5 2. g3 Nf6 3. Bg2 e6 4. c4 Be7 5. O-O O-O 6. d4 a5 7. Nc3 c6 8. b3 b6 9. Bb2 Ba6 10. Rc1 Nbd7 11. cxd5 cxd5 12. a4 Rc8 13. Nb5 Rxc1 14. Bxc1 Ne4 15. Qd3 Qa8 16. Bb2 Bb4 17. Rc1 Rc8 18. Rxc8+ Qxc8 19. e3 g5 20. Ne5 f6 21. Nxd7 Qxd7 22. f3 Nd6 23. Bf1 Qc6 24. Be2 Kg7 25. Kg2 h5 26. Kg1 f5 27. e4 fxe4 28. fxe4 Nxe4 29. Qxe4 1-0

[Event "German Bundesliga 2023-24"]
[Site "Germany"]
[Date "2024.04.27"]
[Round "14.9"]
[White "Santos Latasa, Jaime"]
[Black "Nihal Sarin"]
[Result "1-0"]
[WhiteElo "2615"]
[BlackElo "2693"]
[Annotator "TA"]
[PlyCount "87"]
[EventDate "2023.10.20"]
[EventType "team-tourn"]
[EventCountry "GER"]
[SourceTitle "playchess.com"]
[Source "ChessBase"]
[SourceQuality "1"]

1. e4 c5 2. Nf3 e6 3. d4 cxd4 4. Nxd4 Nc6 5. Nc3 a6 6. Qd3 Nxd4 7. Qxd4 b5 8. Bf4 Bb7 9. O-O-O Nf6 10. f3 Rc8 11. Qa7 Bc6 12. Ne2 Nh5 13. Be3 Qc7 14. Qxc7 Rxc7 15. e5 f5 16. Rg1 g6 17. Nd4 Bc5 18. Nxf5 Bxe3+ 19. Nxe3 Ke7 20. Rd4 Rf8 21. Kd2 Rf4 22. Rxf4 Nxf4 23. g3 Nd5 24. f4 Nb6 25. Bd3 Na4 26. b3 Nc5 27. Ng4 d6 28. Re1 a5 29. exd6+ Kxd6 30. Ne5 Be8 31. a3 Ke7 32. Bf1 Rc8 33. Nf3 Rd8+ 34. Ke3 Kf6 35. Nd4 b4 36. axb4 axb4 37. Ra1 e5 38. fxe5+ Kxe5 39. Nf3+ Kf6 40. Ra5 Rc8 41. Nd2 Kg7 42. Bc4 Kh6 43. Nf3 Bd7 44. Ne5 1-0

[Event "German Bundesliga 2023-24"]
[Site "Germany"]
[Date "2024.04.27"]
[Round "14.9"]
[White "Ivanchuk, Vasyl"]
[Black "Nisipeanu, Liviu-Dieter"]
[Result "1/2-1/2"]
[WhiteElo "2611"]
[BlackElo "2600"]
[Annotator "TA"]
[PlyCount "109"]
[EventDate "2023.10.20"]
[EventType "team-tourn"]
[EventCountry "GER"]
[SourceTitle "playchess.com"]
[Source "ChessBase"]
[SourceQuality "1"]

1. e4 e5 2. Nf3 Nc6 3. Bc4 Nf6 4. d3 Be7 5. O-O d6 6. c3 O-O 7. Bb3 Na5 8. Bc2 c5 9. b4 cxb4 10. cxb4 Nc6 11. a3 Bg4 12. Bb2 a5 13. b5 Qb6 14. a4 Bxf3 15. Qxf3 Nd4 16. Bxd4 Qxd4 17. Nd2 Qc3 18. Qd1 d5 19. Rc1 Bb4 20. Nf3 Ba3 21. Rb1 Rac8 22. Bb3 dxe4 23. dxe4 Qc7 24. Qe2 Qe7 25. g3 g6 26. Kg2 Kg7 27. Rfd1 Rc3 28. Rd3 Rxd3 29. Qxd3 Rd8 30. Qc4 Bc5 31. h3 b6 32. Rd1 Rxd1 33. Bxd1 h6 34. Bb3 Qb7 35. Bc2 Qc7 36. Bb3 Qb7 37. Bc2 Qc7 38. Bb1 Qe7 39. Qc3 Nd7 40. Ba2 Nf6 41. Bd5 Bd6 42. Qc6 Bc5 43. Bc4 Nh7 44. Ne1 Qf6 45. Nd3 Bd4 46. f4 exf4 47. gxf4 g5 48. Qc7 gxf4 49. Nxf4 Kg8 50. Qc8+ Nf8 51. Qg4+ Kh8 52. Qf5 Qg7+ 53. Kf3 Ng6 54. Nxg6+ fxg6 55. Qf7 1/2-1/2

[Event "German Bundesliga 2023-24"]
[Site "Germany"]
[Date "2024.04.27"]
[Round "14.9"]
[White "Brkic, Ante"]
[Black "Bluebaum, Matthias"]
[Result "1/2-1/2"]
[WhiteElo "2606"]
[BlackElo "2668"]
[Annotator "TA"]
[PlyCount "49"]
[EventDate "2023.10.20"]
[EventType "team-tourn"]
[EventCountry "GER"]
[SourceTitle "playchess.com"]
[Source "ChessBase"]
[SourceQuality "1"]

1. e4 e5 2. Nf3 Nc6 3. Bb5 a6 4. Ba4 Nf6 5. O-O Nxe4 6. d4 b5 7. Bb3 d5 8. dxe5 Be6 9. Nbd2 Nc5 10. c3 d4 11. Bxe6 Nxe6 12. cxd4 Ncxd4 13. a4 Bb4 14. axb5 Nxf3+ 15. Nxf3 axb5 16. Rxa8 Qxa8 17. Ng5 Be7 18. Nxe6 fxe6 19. Qe2 Qc6 20. Be3 O-O 21. Rc1 Qd7 22. Rd1 Qc6 23. Rc1 Qd7 24. Rd1 Qc6 25. Rc1 1/2-1/2

[Event "German Bundesliga 2023-24"]
[Site "Germany"]
[Date "2024.04.27"]
[Round "14.10"]
[White "Bartel, Mateusz"]
[Black "Parligras, Mircea-Emilian"]
[Result "1/2-1/2"]
[WhiteElo "2651"]
[BlackElo "2561"]
[Annotator "TA"]
[PlyCount "45"]
[EventDate "2023.10.20"]
[EventType "team-tourn"]
[EventCountry "GER"]
[SourceTitle "playchess.com"]
[Source "ChessBase"]
[SourceQuality "1"]

1. e4 e5 2. Nf3 Nc6 3. Bc4 Bc5 4. d3 Nf6 5. Nc3 h6 6. a3 a6 7. Be3 d6 8. Bxc5 dxc5 9. Nd5 O-O 10. Ne3 Re8 11. h4 Ng4 12. Nd2 Nxe3 13. fxe3 Be6 14. g4 Bxc4 15. Nxc4 b5 16. Nd2 Na5 17. g5 Re6 18. Qe2 c4 19. gxh6 Rxh6 20. Nf3 cxd3 21. cxd3 Qd6 22. Rg1 Rd8 23. Rd1 1/2-1/2

[Event "German Bundesliga 2023-24"]
[Site "Germany"]
[Date "2024.04.27"]
[Round "14.10"]
[White "Svane, Rasmus"]
[Black "Idani, Pouya"]
[Result "1/2-1/2"]
[WhiteElo "2646"]
[BlackElo "2633"]
[Annotator "RC"]
[PlyCount "95"]
[EventDate "2023.10.20"]
[EventType "team-tourn"]
[EventCountry "GER"]
[SourceTitle "playchess.com"]
[Source "ChessBase"]
[SourceQuality "1"]

1. e4 e6 2. d4 d5 3. Nc3 Bb4 4. exd5 exd5 5. Bd3 Nf6 6. a3 Bxc3+ 7. bxc3 O-O 8. Ne2 Bg4 9. O-O Bh5 10. Bg5 Qd6 11. Qd2 Ne4 12. Bxe4 dxe4 13. Ng3 Bg6 14. Rfb1 b6 15. Bf4 Qd7 16. Re1 Re8 17. h4 h6 18. h5 Bh7 19. Re2 Qc6 20. d5 Qc5 21. Qd4 Nd7 22. Qxc5 Nxc5 23. Bxc7 Na6 24. Bf4 Rac8 25. Rae1 f5 26. Re3 Red8 27. Rd1 Rc5 28. d6 Nc7 29. Ne2 Kf7 30. Bh2 Nb5 31. f3 Nxa3 32. fxe4 Nc4 33. Rf3 Ne5 34. Bxe5 Rxe5 35. Ng3 f4 36. Rxf4+ Ke6 37. Nf5 Bxf5 38. exf5+ Rxf5 39. Re4+ Re5 40. Rg4 Rd7 41. Rg6+ Kf7 42. g4 a5 43. Rf1+ Kg8 44. Rb1 b5 45. Ra1 Ra7 46. Rd1 Rd7 47. Ra1 Ra7 48. Rd1 1/2-1/2

[Event "German Bundesliga 2023-24"]
[Site "Germany"]
[Date "2024.04.27"]
[Round "14.10"]
[White "Kollars, Dmitrij"]
[Black "Predojevic, Borki"]
[Result "1/2-1/2"]
[WhiteElo "2633"]
[BlackElo "2580"]
[Annotator "TA"]
[PlyCount "40"]
[EventDate "2023.10.20"]
[EventType "team-tourn"]
[EventCountry "GER"]
[SourceTitle "playchess.com"]
[Source "ChessBase"]
[SourceQuality "1"]

1. e4 c5 2. Nf3 d6 3. d4 cxd4 4. Qxd4 Nc6 5. Bb5 a6 6. Bxc6+ bxc6 7. Qa4 Qc7 8. O-O e5 9. c4 Nf6 10. c5 d5 11. exd5 Nxd5 12. Nxe5 Bxc5 13. Qxc6+ Qxc6 14. Nxc6 Be6 15. Nc3 Nxc3 16. bxc3 O-O 17. Nd4 Bc4 18. Re1 Rfe8 19. Be3 Ba3 20. Reb1 Rab8 1/2-1/2

[Event "German Bundesliga 2023-24"]
[Site "Germany"]
[Date "2024.04.27"]
[Round "14.11"]
[White "Dragnev, Valentin"]
[Black "Svane, Frederik"]
[Result "0-1"]
[WhiteElo "2586"]
[BlackElo "2626"]
[Annotator "TA"]
[PlyCount "184"]
[EventDate "2023.10.20"]
[EventType "team-tourn"]
[EventCountry "GER"]
[SourceTitle "playchess.com"]
[Source "ChessBase"]
[SourceQuality "1"]

1. e4 e5 2. Nf3 Nc6 3. Bc4 Nf6 4. d3 Bc5 5. O-O d6 6. c3 a5 7. Re1 O-O 8. h3 Be6 9. Bb5 Ba7 10. Be3 Ne7 11. Bxa7 Rxa7 12. d4 Ng6 13. Nbd2 h6 14. Bf1 Ra8 15. Qc2 c6 16. Rad1 Qc7 17. a4 Rfe8 18. dxe5 dxe5 19. Nc4 Red8 20. Rxd8+ Rxd8 21. b4 Bxc4 22. Bxc4 b5 23. Bf1 axb4 24. cxb4 bxa4 25. Qxa4 Rb8 26. Rc1 Qe7 27. Rc4 Qd6 28. g3 Nf8 29. Nh4 Kh7 30. Nf5 Qd7 31. Qxc6 Qxc6 32. Rxc6 Rxb4 33. Nd6 Ne6 34. Nxf7 Nd4 35. Rc1 Nxe4 36. Bd3 Kg8 37. Nxe5 Nd6 38. Rc5 Rb6 39. h4 Ne6 40. Ra5 Nc7 41. h5 Rb7 42. Ra4 Nce8 43. Bg6 Kf8 44. Rd4 Rc7 45. Kg2 Ke7 46. Bb1 Nf6 47. Ng6+ Kd7 48. Bf5+ Kc6 49. Be6 Nb5 50. Rd2 Kc5 51. Nf4 Nd4 52. Nd3+ Kd6 53. Nf4 Kc5 54. Ba2 Rb7 55. Nd3+ Kd6 56. Nb2 Rb4 57. Nc4+ Kc5 58. Ne5 Kd6 59. Nf3 Kc5 60. Ne1 Rb7 61. Nd3+ Kd6 62. Nf4 Kc5 63. f3 Ra7 64. g4 Ra3 65. Nd3+ Kd6 66. Ne1 Kc5 67. Bf7 Re3 68. Kf2 Rxe1 69. Bg6 Ra1 70. Bd3 Ra3 71. Rd1 Nd5 72. Be4 Ra2+ 73. Kg3 Nc3 74. Re1 Nde2+ 75. Kh4 Nxe4 76. fxe4 Kd4 77. g5 Ke3 78. gxh6 gxh6 79. Kg4 Ra5 80. e5 Rxe5 81. Ra1 Rg5+ 82. Kh4 Nd4 83. Ra3+ Kf4 84. Ra4 Rg4+ 85. Kh3 Kg5 86. Ra6 Rh4+ 87. Kg3 Nf5+ 88. Kf3 Rf4+ 89. Kg2 Kxh5 90. Ra8 Nh4+ 91. Kg3 Rf3+ 92. Kh2 Kg5 0-1

[Event "German Bundesliga 2023-24"]
[Site "Germany"]
[Date "2024.04.27"]
[Round "14.11"]
[White "Pavlidis, Antonios"]
[Black "Pechac, Jergus"]
[Result "1/2-1/2"]
[WhiteElo "2566"]
[BlackElo "2580"]
[Annotator "TA"]
[PlyCount "90"]
[EventDate "2023.10.20"]
[EventType "team-tourn"]
[EventCountry "GER"]
[SourceTitle "playchess.com"]
[Source "ChessBase"]
[SourceQuality "1"]

1. e4 e5 2. Nf3 Nc6 3. Bb5 Nge7 4. Nc3 Ng6 5. d4 exd4 6. Nxd4 Nxd4 7. Qxd4 c6 8. Be2 Qb6 9. Qd3 Be7 10. O-O O-O 11. a4 d6 12. Be3 Qa5 13. Bd2 Qd8 14. f4 f5 15. Bh5 fxe4 16. Nxe4 d5 17. Ng3 Nh4 18. Rae1 Nf5 19. Bc3 Bc5+ 20. Kh1 Qh4 21. Be5 b6 22. Bd1 Nxg3+ 23. Qxg3 Qxg3 24. hxg3 Ba6 25. Rf3 Rae8 26. Kh2 Bc8 27. Rff1 g5 28. Bc3 Rxe1 29. Rxe1 gxf4 30. gxf4 Rxf4 31. b4 Bd6 32. Be5 Bxe5 33. Rxe5 Kf7 34. b5 Bd7 35. bxc6 Bxc6 36. a5 bxa5 37. Bf3 Kf6 38. Rh5 Kg6 39. Re5 a4 40. Re6+ Rf6 41. Re7 a6 42. Kg3 d4 43. Be4+ Bxe4 44. Rxe4 Rd6 45. Re5 Rc6 1/2-1/2

[Event "German Bundesliga 2023-24"]
[Site "Germany"]
[Date "2024.04.27"]
[Round "14.11"]
[White "Stevic, Hrvoje"]
[Black "Kamsky, Gata"]
[Result "1/2-1/2"]
[WhiteElo "2549"]
[BlackElo "2634"]
[Annotator "TA"]
[PlyCount "135"]
[EventDate "2023.10.20"]
[EventType "team-tourn"]
[EventCountry "GER"]
[SourceTitle "playchess.com"]
[Source "ChessBase"]
[SourceQuality "1"]

1. e4 c5 2. c3 Nf6 3. e5 Nd5 4. Nf3 Nc6 5. Bc4 Nb6 6. Bb3 c4 7. Bc2 d6 8. exd6 Qxd6 9. Na3 Qe6+ 10. Kf1 Qd5 11. Qe2 Bg4 12. Be4 Qe6 13. h3 Bh5 14. b3 cxb3 15. axb3 Qd7 16. Nc4 Nxc4 17. Qxc4 Rc8 18. Bxc6 Rxc6 19. Ne5 Rxc4 20. Nxd7 Rc7 21. Nxf8 Rxf8 22. Rxa7 Kd7 23. f3 Bg6 24. Kf2 Bc2 25. Re1 e6 26. Ba3 Rfc8 27. Bb4 Bxb3 28. Ba5 b6 29. Rxc7+ Rxc7 30. Bxb6 Rb7 31. Be3 f6 32. Ra1 e5 33. Bc5 Bd5 34. Ra6 Bc4 35. Ra8 Ke6 36. Rc8 Bd3 37. Re8+ Kf7 38. Rd8 Bb5 39. g4 Rd7 40. Rf8+ Ke6 41. Be3 Rc7 42. Rb8 Bc4 43. f4 exf4 44. Bxf4 Rd7 45. Be3 Kf7 46. Rc8 Be6 47. Rc5 Rd5 48. Rxd5 Bxd5 49. d3 g5 50. c4 Bb7 51. Bd2 Kg6 52. Be1 h5 53. Ke3 Bg2 54. gxh5+ Kxh5 55. d4 Bf1 56. c5 Bg2 57. Kd3 Bd5 58. Kc3 Kg6 59. Kb4 Kf5 60. Kb5 Ke6 61. c6 f5 62. Kc5 Be4 63. Ba5 f4 64. Bc7 Bg2 65. Bb8 Be4 66. Be5 Bg2 67. h4 gxh4 68. Bxf4 1/2-1/2

[Event "German Bundesliga 2023-24"]
[Site "Germany"]
[Date "2024.04.27"]
[Round "14.12"]
[White "Gustafsson, Jan"]
[Black "Jovanovic, Zoran"]
[Result "1/2-1/2"]
[WhiteElo "2620"]
[BlackElo "2513"]
[Annotator "ChessBase"]
[PlyCount "113"]
[EventDate "2023.10.20"]
[EventType "team-tourn"]
[EventCountry "GER"]
[SourceTitle "playchess.com"]
[Source "ChessBase"]
[SourceQuality "1"]

1. d4 Nf6 2. c4 d6 3. Nc3 g6 4. e4 Bg7 5. Nf3 O-O 6. Be2 e5 7. Be3 Na6 8. O-O Qe7 9. Bg5 exd4 10. Nxd4 Qe5 11. Nf3 Qe8 12. Nd2 Nc5 13. f3 a5 14. Be3 b6 15. Ndb1 Bb7 16. Na3 Qe7 17. Qd2 c6 18. Rfe1 Rad8 19. Bf1 Nh5 20. Rad1 Be5 21. Nc2 Rfe8 22. Nd4 Qc7 23. g3 Bh8 24. Bg2 Nf6 25. Kh1 Nfd7 26. f4 Nf8 27. Bg1 Nfe6 28. Nc2 Nf8 29. Re2 Ba6 30. Na3 Qe7 31. Bf3 Bg7 32. Ree1 Qc7 33. Bd4 Bxd4 34. Qxd4 Qe7 35. Kg2 Bc8 36. Nc2 h5 37. Qf2 Qf6 38. Qd4 Nh7 39. Qxf6 Nxf6 40. Rd4 Bg4 41. h3 Bxf3+ 42. Kxf3 Kf8 43. Red1 Ke7 44. b4 Ne6 45. R4d2 h4 46. g4 g5 47. bxa5 bxa5 48. Nd4 Nxd4+ 49. Rxd4 gxf4 50. Kxf4 Nh7 51. Ne2 Nf8 52. Ke3 Ne6 53. R4d3 Ng5 54. Kf4 Ne6+ 55. Ke3 Ng5 56. Kf4 Ne6+ 57. Ke3 1/2-1/2

[Event "German Bundesliga 2023-24"]
[Site "Germany"]
[Date "2024.04.27"]
[Round "14.12"]
[White "Michalik, Peter"]
[Black "Plat, Vojtech"]
[Result "1-0"]
[WhiteElo "2576"]
[BlackElo "2503"]
[Annotator "TA"]
[PlyCount "135"]
[EventDate "2023.10.20"]
[EventType "team-tourn"]
[EventCountry "GER"]
[SourceTitle "playchess.com"]
[Source "ChessBase"]
[SourceQuality "1"]

1. e4 e5 2. Nf3 Nc6 3. Bb5 Nf6 4. d3 Bc5 5. c3 d6 6. O-O O-O 7. Re1 Ne7 8. d4 Bb6 9. Nbd2 c6 10. Bf1 exd4 11. cxd4 Ng6 12. b4 Re8 13. a4 Bc7 14. g3 d5 15. e5 Nd7 16. Bb2 a5 17. b5 c5 18. dxc5 Nxc5 19. Qc2 Bb6 20. Bd4 Ne6 21. Bxb6 Qxb6 22. Nb3 Bd7 23. Qd2 Red8 24. Nfd4 Rdc8 25. h4 Rc7 26. h5 Ne7 27. Nxe6 Bxe6 28. Rac1 h6 29. Be2 Nf5 30. Rxc7 Qxc7 31. Bd3 b6 32. Bxf5 Bxf5 33. Nd4 Qd7 34. Rc1 Bh7 35. Qf4 Rc8 36. Rc6 Bd3 37. Kg2 Be4+ 38. f3 Bd3 39. Rxb6 Qe7 40. e6 fxe6 41. Qe5 Qb4 42. Rb7 Qd2+ 43. Kh3 Qg5 44. Qxg5 hxg5 45. Nc6 Kh7 46. Ra7 d4 47. Rd7 e5 48. Rd6 e4 49. Rxd4 Bf1+ 50. Kg4 e3 51. Re4 e2 52. Kxg5 Rc7 53. Nd4 Rc5+ 54. Kf4 Rc4 55. Nxe2 Bxe2 56. b6 Rc2 57. b7 Rb2 58. Rxe2 Rxb7 59. g4 g6 60. hxg6+ Kxg6 61. Re6+ Kf7 62. Ra6 Rb4+ 63. Kf5 Rxa4 64. g5 Ke7 65. g6 Rh4 66. Kg5 Rh3 67. f4 Rg3+ 68. Kf5 1-0

[Event "German Bundesliga 2023-24"]
[Site "Germany"]
[Date "2024.04.27"]
[Round "14.12"]
[White "Kempinski, Robert"]
[Black "Alonso Rosell, Alvar"]
[Result "1/2-1/2"]
[WhiteElo "2554"]
[BlackElo "2574"]
[Annotator "RC"]
[PlyCount "97"]
[EventDate "2023.10.20"]
[EventType "team-tourn"]
[EventCountry "GER"]
[SourceTitle "playchess.com"]
[Source "ChessBase"]
[SourceQuality "1"]

1. d4 Nf6 2. Nf3 g6 3. g3 Bg7 4. Bg2 d6 5. O-O O-O 6. Re1 Nbd7 7. e4 e5 8. a4 a5 9. c3 b6 10. c4 Bb7 11. Nc3 exd4 12. Nxd4 Re8 13. f3 Nc5 14. Be3 Nfd7 15. Ra3 Ne5 16. Bf1 Nc6 17. Ndb5 Nb4 18. Qd2 f5 19. Nd5 Bxd5 20. exd5 Qd7 21. Be2 Qf7 22. Bd1 f4 23. gxf4 Re7 24. Bxc5 Rxe1+ 25. Qxe1 bxc5 26. Qe6 Re8 27. Qxf7+ Kxf7 28. Kf1 Re7 29. Rb3 Bh6 30. Na7 Bxf4 31. Nc6 Nxc6 32. dxc6 Kf6 33. Rb5 Bd2 34. Bc2 Ke5 35. Be4 Kd4 36. b3 Bb4 37. Rb8 Bd2 38. Ke2 Bb4 39. Rd8 Ke5 40. Kd3 Kf6 41. f4 Be1 42. Ra8 Kg7 43. Bg2 Bf2 44. Rxa5 Re3+ 45. Kc2 Re2+ 46. Kd1 Re1+ 47. Kc2 Re2+ 48. Kd1 Re1+ 49. Kc2 1/2-1/2

[Event "German Bundesliga 2023-24"]
[Site "Germany"]
[Date "2024.04.27"]
[Round "14.13"]
[White "Swinkels, Robin"]
[Black "Gajewski, Grzegorz"]
[Result "1/2-1/2"]
[WhiteElo "2515"]
[BlackElo "2561"]
[Annotator "TA"]
[PlyCount "98"]
[EventDate "2023.10.20"]
[EventType "team-tourn"]
[EventCountry "GER"]
[SourceTitle "playchess.com"]
[Source "ChessBase"]
[SourceQuality "1"]

1. d4 Nf6 2. c4 e6 3. g3 Bb4+ 4. Nd2 O-O 5. Bg2 d6 6. Ngf3 e5 7. O-O Bxd2 8. Qxd2 e4 9. Ne1 d5 10. b3 Re8 11. Nc2 c6 12. Ne3 Na6 13. Ba3 Nc7 14. Rfd1 Ng4 15. Rac1 Nxe3 16. Qxe3 Bg4 17. Rd2 Qd7 18. Qf4 Rad8 19. Bd6 Qxd6 20. Qxg4 Ne6 21. e3 g6 22. cxd5 cxd5 23. Rdc2 f5 24. Qe2 Kh8 25. Qb5 Qe7 26. Qa5 a6 27. b4 g5 28. b5 axb5 29. Qxb5 Rf8 30. Bh3 h5 31. Qb6 h4 32. a4 Rde8 33. a5 Qh7 34. Bg2 f4 35. Qd6 fxe3 36. fxe3 h3 37. Bf1 Qf5 38. Bb5 Qf3 39. Re1 Rc8 40. Qe5+ Ng7 41. Rce2 Rf5 42. Qd6 g4 43. a6 bxa6 44. Qxa6 Rcf8 45. Qh6+ Kg8 46. Ra2 R5f6 47. Qg5 Rf5 48. Qg6 R5f6 49. Qg5 Rf5 1/2-1/2

[Event "German Bundesliga 2023-24"]
[Site "Germany"]
[Date "2024.04.27"]
[Round "14.13"]
[White "Bischoff, Klaus"]
[Black "Ernst, Sipke"]
[Result "0-1"]
[WhiteElo "2455"]
[BlackElo "2551"]
[Annotator "RC"]
[PlyCount "92"]
[EventDate "2023.10.20"]
[EventType "team-tourn"]
[EventCountry "GER"]
[SourceTitle "playchess.com"]
[Source "ChessBase"]
[SourceQuality "1"]

1. c4 c5 2. Nf3 Nf6 3. d4 cxd4 4. Nxd4 Nc6 5. Nc3 e6 6. Nc2 d5 7. e3 Bc5 8. Be2 O-O 9. cxd5 exd5 10. O-O Re8 11. Nb5 Ne4 12. f3 Nf6 13. Nbd4 Qb6 14. Nxc6 bxc6 15. b4 Bd6 16. Bb2 Bf5 17. Bd4 Qc7 18. f4 Qe7 19. Rc1 Bd7 20. Ba6 Ng4 21. h3 Nf6 22. a3 Ne4 23. Ba1 Qh4 24. Qe1 Qh6 25. Nd4 c5 26. Bb5 Rad8 27. Bxd7 Rxd7 28. Nf5 Qg6 29. Nxd6 Nxd6 30. Rxc5 Nf5 31. e4 Qa6 32. Qc3 d4 33. Qf3 Ne3 34. Re1 Qxa3 35. Bxd4 Rxd4 36. Rxe3 Qxb4 37. Rc1 h6 38. Rce1 a5 39. f5 Rd3 40. Kf2 Rxe3 41. Rxe3 f6 42. Qd1 Kh7 43. Qd3 a4 44. Kf3 Re5 45. g4 Qb2 46. Qa3 Qc2 0-1

[Event "German Bundesliga 2023-24"]
[Site "Germany"]
[Date "2024.04.27"]
[Round "14.13"]
[White "Kovacevic, Aleksandar"]
[Black "Dautov, Rustem"]
[Result "1/2-1/2"]
[WhiteElo "2445"]
[BlackElo "2584"]
[Annotator "TA"]
[PlyCount "95"]
[EventDate "2023.10.20"]
[EventType "team-tourn"]
[EventCountry "GER"]
[SourceTitle "playchess.com"]
[Source "ChessBase"]
[SourceQuality "1"]

1. e4 c6 2. Nc3 d5 3. Nf3 dxe4 4. Nxe4 Nf6 5. Ng3 h5 6. h3 h4 7. Ne2 Bf5 8. Nc3 e6 9. d4 Be7 10. Bd3 Bxd3 11. Qxd3 Nbd7 12. O-O Nh5 13. Ne4 g6 14. c4 O-O 15. Bh6 Re8 16. Rad1 Qa5 17. Bg5 Bxg5 18. Nfxg5 Ndf6 19. Nxf6+ Nxf6 20. Nf3 Qh5 21. Qe3 b5 22. Qe5 Qxe5 23. dxe5 Ne4 24. Rd4 Nc5 25. Rfd1 Na4 26. R1d2 c5 27. Rxh4 b4 28. Ng5 Red8 29. Rh8+ Kxh8 30. Nxf7+ Kg8 31. Nxd8 Nxb2 32. Nxe6 Nxc4 33. Rc2 Nxe5 34. Rxc5 Nd3 35. Ra5 Re8 36. Nd4 Re1+ 37. Kh2 Nxf2 38. Rxa7 Nd3 39. Rd7 Nc1 40. Ra7 Re4 41. Nc6 b3 42. axb3 Nxb3 43. Kg3 Nd4 44. Ne7+ Rxe7 45. Rxe7 Nf5+ 46. Kf4 Nxe7 47. Kg5 Kg7 48. h4 1/2-1/2

[Event "German Bundesliga 2023-24"]
[Site "Germany"]
[Date "2024.04.27"]
[Round "14.14"]
[White "Graf, Alexander"]
[Black "Zelcic, Robert"]
[Result "1-0"]
[WhiteElo "2523"]
[BlackElo "2476"]
[Annotator "TA"]
[PlyCount "89"]
[EventDate "2023.10.20"]
[EventType "team-tourn"]
[EventCountry "GER"]
[SourceTitle "playchess.com"]
[Source "ChessBase"]
[SourceQuality "1"]

1. Nf3 d5 2. g3 c5 3. Bg2 Nf6 4. O-O e6 5. c4 d4 6. e3 Nc6 7. exd4 cxd4 8. d3 Bd6 9. Na3 e5 10. Re1 O-O 11. c5 Bc7 12. b4 a6 13. Nc4 Re8 14. Bd2 Bf5 15. Qb3 h6 16. a4 e4 17. dxe4 Nxe4 18. b5 axb5 19. axb5 Nxc5 20. Rxa8 Rxe1+ 21. Bxe1 Nxb3 22. Rxd8+ Nxd8 23. b6 Bb8 24. Bb4 Be6 25. Nfd2 Nxd2 26. Nxd2 f5 27. f4 Kf7 28. Bc5 d3 29. Kf2 g5 30. fxg5 hxg5 31. Nf3 Kg6 32. Nxg5 Bb3 33. Nf3 Ne6 34. Bb4 Bc4 35. Nh4+ Kf6 36. Bxb7 f4 37. Bc3+ Ke7 38. g4 Kd6 39. Bb4+ Kd7 40. Nf3 Bd6 41. Bxd6 Kxd6 42. Nd2 Bb5 43. h4 Bd7 44. Bf3 Nd4 45. h5 1-0

[Event "German Bundesliga 2023-24"]
[Site "Germany"]
[Date "2024.04.27"]
[Round "14.14"]
[White "Lubbe, Nikolas"]
[Black "Johansson, Linus"]
[Result "1-0"]
[WhiteElo "2500"]
[BlackElo "2429"]
[Annotator "ChessBase"]
[PlyCount "91"]
[EventDate "2023.10.20"]
[EventType "team-tourn"]
[EventCountry "GER"]
[SourceTitle "playchess.com"]
[Source "ChessBase"]
[SourceQuality "1"]

1. d4 Nf6 2. Nf3 e6 3. c4 c5 4. d5 d6 5. Nc3 exd5 6. cxd5 g6 7. e3 Bg7 8. Be2 O-O 9. O-O Na6 10. Nd2 Nc7 11. e4 Re8 12. a4 a6 13. f3 Rb8 14. a5 Bd7 15. Nc4 Bb5 16. Bg5 Bxc4 17. Bxc4 b5 18. axb6 Rxb6 19. f4 h6 20. Bh4 g5 21. fxg5 Nxe4 22. g6 f6 23. Qd3 Nxc3 24. bxc3 Re5 25. Bg3 Re7 26. h3 Qe8 27. Rae1 Qd7 28. Rxe7 Qxe7 29. Re1 Qd7 30. Bf4 f5 31. Re3 Rb8 32. Re6 Rb6 33. Re3 Rb8 34. Qe2 Re8 35. Rxe8+ Nxe8 36. Bxa6 Nc7 37. Bd3 Bxc3 38. Bxh6 Be5 39. Qf3 f4 40. Bxf4 Bxf4 41. Qxf4 Qe7 42. h4 Ne8 43. h5 Qf6 44. Bf5 c4 45. h6 c3 46. Be6+ 1-0

[Event "German Bundesliga 2023-24"]
[Site "Germany"]
[Date "2024.04.27"]
[Round "14.14"]
[White "Vogel, Roven"]
[Black "Cyborowski, Lukasz"]
[Result "1-0"]
[WhiteElo "2471"]
[BlackElo "2479"]
[Annotator "ChessBase"]
[PlyCount "85"]
[EventDate "2023.10.20"]
[EventType "team-tourn"]
[EventCountry "GER"]
[SourceTitle "playchess.com"]
[Source "ChessBase"]
[SourceQuality "1"]

1. Nf3 Nf6 2. c4 e6 3. Nc3 d5 4. e3 dxc4 5. Bxc4 a6 6. a4 c5 7. O-O Nc6 8. Qe2 Be7 9. Rd1 e5 10. h3 O-O 11. d3 h6 12. b3 Re8 13. Nd2 Bf8 14. Nde4 Be6 15. Ba3 Nd7 16. Qf3 Rb8 17. g4 Na5 18. Rab1 Qh4 19. Kg2 Qe7 20. Ng3 Qd8 21. Nf5 Nf6 22. Bxe6 Rxe6 23. b4 cxb4 24. Bxb4 Bxb4 25. Rxb4 Nc6 26. Rb3 Qd7 27. Ne4 Nxe4 28. dxe4 Qe8 29. h4 b5 30. axb5 axb5 31. g5 Ne7 32. Qg4 b4 33. Kf3 Nxf5 34. exf5 e4+ 35. Kg2 Reb6 36. Rd4 Qa4 37. Rb2 Qa3 38. Rbd2 b3 39. Rd8+ Kh7 40. Qxe4 b2 41. f6+ g6 42. Qe8 Qa8+ 43. f3 1-0

[Event "German Bundesliga 2023-24"]
[Site "Germany"]
[Date "2024.04.27"]
[Round "14.15"]
[White "Jaracz, Pawel"]
[Black "Neef, Maximilian"]
[Result "1/2-1/2"]
[WhiteElo "2472"]
[BlackElo "2466"]
[Annotator "TA"]
[PlyCount "45"]
[EventDate "2023.10.20"]
[EventType "team-tourn"]
[EventCountry "GER"]
[SourceTitle "playchess.com"]
[Source "ChessBase"]
[SourceQuality "1"]

1. e4 e6 2. d4 d5 3. Nc3 dxe4 4. Nxe4 Bd7 5. Nf3 Bc6 6. Bd3 Nd7 7. O-O Ngf6 8. Ned2 Be7 9. Qe2 O-O 10. Rd1 Re8 11. c3 Bd5 12. Ne5 c5 13. c4 Bc6 14. Nxc6 bxc6 15. dxc5 Nxc5 16. Bc2 Qb6 17. Rb1 a5 18. b3 Rad8 19. Bb2 h6 20. a3 Ncd7 21. g3 Bc5 22. Kg2 e5 23. Ne4 1/2-1/2